00722nam a2200241 a 4500001001300000003000900013005001700022008004100039020001000080082001600090100001600106245006100122260004200183300000900225500003500234505002500269650001100294700001600305902000800321942000700329952012900336999001500465nice12345678IN_TiNIC20260116012654.0050524s1981 cana grp 000 0 eng  ac10000a222.12bHAR aHarlow, R E aWay Out and the Way in Sstudies in Exodus and Leviticus. aCanadabEvery Day Publications c1981 a128p aincludes index and biblioraphy2 aBibliograpphy, Index aExodus1 aHarlow, R E bSRS cBK 001040708StackRoom-aHMIbHMId2007-06-18g100.00l1o222.12 HARp010542r2019-10-07s2019-09-24v100.00w2005-05-24yBK c7887d7887